[Event "Ruhrgebiet Verbandsliga Gruppe 1 1819"]
[Site "Nordrheinwestfalen"]
[Date "2019.03.10"]
[Round "7.1"]
[White "Frombach, Ralf"]
[Black "Dergatschova, Anna"]
[Result "0-1"]
[WhiteElo "2226"]
[BlackElo "2180"]
[PlyCount "163"]
[EventDate "2018.09.23"]
[EventType "team-tourn"]
[EventRounds "9"]
[EventCountry "GER"]
[SourceTitle "EXT 2022"]
[Source "ChessBase"]
[SourceDate "2021.10.06"]
[SourceVersion "1"]
[SourceVersionDate "2021.10.06"]
[SourceQuality "1"]
[WhiteTeam "Hamm Koenigsspringer"]
[BlackTeam "Holsterhausen SK"]
[WhiteTeamCountry "GER"]
[BlackTeamCountry "GER"]

1. d4 e6 2. c4 b6 3. Nc3 Bb7 4. a3 f5 5. Nf3 Nf6 6. d5 exd5 7. cxd5 Bd6 8. g3 Na6 9. Bg2 Nc5 10. Nd2 Be5 11. Nc4 Bxc3+ 12. bxc3 Nce4 13. Ne3 Qe7 14. c4 Qe5 15. Ra2 f4 16. Bb2 Qg5 17. h4 Qh6 18. Nf5 Qg6 19. Nxg7+ Qxg7 20. Bxe4 fxg3 21. Qd4 gxf2+ 22. Qxf2 Nxe4 23. Bxg7 Nxf2 24. Kxf2 Rg8 25. Rg1 0-0-0 26. h5 Rde8 27. e3 Re4 28. Bd4 Rf8+ 29. Ke1 Ba6 30. c5 Rh4 31. cxb6 axb6 32. Rc2 Kb7 33. Rg7 Bb5 34. Rb2 Rf1+ 35. Kd2 Rf2+ 36. Kc3 Rxb2 37. Kxb2 Rxh5 38. e4 Rh4 39. Re7 h5 40. Kc3 Rh3+ 41. Kb4 Ka6 42. a4 c5+ 43. dxc6 Bxc6 44. e5 Rd3 45. Kc4 Ra3 46. e6 d5+ 47. Kb4 Rxa4+ 48. Kc3 Bb5 49. Bf2 Rc4+ 50. Kd2 Re4 51. Rf7 Rxe6 52. Rf5 Bc4 53. Kc3 Rc6 54. Kd2 Rh6 55. Be3 Rh7 56. Rf6 Rb7 57. Rh6 Ka5 58. Rxh5 b5 59. Kc3 b4+ 60. Kb2 Rg7 61. Rh2 Rg3 62. Bh6 Ra3 63. Rd2 Ka4 64. Kb1 Bd3+ 65. Kb2 Rb3+ 66. Ka2 Rc3 67. Bg7 Bc4+ 68. Kb2 Ra3 69. Kb1 Bd3+ 70. Kb2 Kb5 71. Rh2 Kc4 72. Rh8 Rb3+ 73. Ka2 Bb1+ 74. Ka1 Bf5 75. Rf8 Rf3 76. Rh8 Kb3 77. Rh1 Bd3 78. Rd1 Be4 79. Re1 Rf2 80. Re3+ Kc2 81. Ka2 Bd3 82. Re1 0-1

[Event "Ruhrgebiet Verbandsliga Gruppe 1 1819"]
[Site "Nordrheinwestfalen"]
[Date "2019.02.03"]
[Round "6.1"]
[White "Ribbeheger, Edgar"]
[Black "Frombach, Ralf"]
[Result "1/2-1/2"]
[WhiteElo "2005"]
[BlackElo "2177"]
[PlyCount "125"]
[EventDate "2018.09.23"]
[EventType "team-tourn"]
[EventRounds "9"]
[EventCountry "GER"]
[SourceTitle "EXT 2022"]
[Source "ChessBase"]
[SourceDate "2021.10.06"]
[SourceVersion "1"]
[SourceVersionDate "2021.10.06"]
[SourceQuality "1"]
[WhiteTeam "Sodingen/Castrop SK II"]
[BlackTeam "Hamm Koenigsspringer"]
[WhiteTeamCountry "GER"]
[BlackTeamCountry "GER"]

1. c4 Nf6 2. Nc3 e6 3. g3 d5 4. cxd5 exd5 5. d4 c6 6. Bg2 Bf5 7. Nf3 Bd6 8. 0-0 h6 9. Nd2 0-0 10. e4 dxe4 11. Ndxe4 Nxe4 12. Nxe4 Bb4 13. a3 Re8 14. Nc5 Bxc5 15. dxc5 Qxd1 16. Rxd1 Bc2 17. Rf1 Bd3 18. Rd1 Bc2 19. Rd6 Re1+ 20. Bf1 Nd7 21. b4 Bf5 22. Bb2 Rxa1 23. Bxa1 a5 24. b5 Nxc5 25. bxc6 bxc6 26. Rxc6 Nb3 27. Bc3 Rd8 28. f3 Rd1 29. Kf2 Rc1 30. g4 Be6 31. Bd3 Kf8 32. Rc7 Rh1 33. Kg2 Rd1 34. Bc2 Rd8 35. a4 Nd4 36. Be4 Nb3 37. Ra7 Nc5 38. Bxa5 Rb8 39. Bc6 Kg8 40. Bc7 Rb2+ 41. Kg3 Ra2 42. a5 Bc4 43. Bd6 Nd3 44. Be4 g5 45. Ra8+ Kg7 46. Rd8 Nf4 47. Be5+ f6 48. Rd7+ Kg8 49. Bxf4 gxf4+ 50. Kxf4 Rxa5 51. Bh7+ Kf8 52. h4 Be6 53. Rc7 Bf7 54. Rc8+ Kg7 55. Be4 Bg8 56. Rc7+ Kf8 57. h5 Rb5 58. Ke3 Ra5 59. Kd4 Ra4+ 60. Kc5 Rc4+ 61. Kd6 Rxc7 62. Kxc7 Ke7 63. Kc6 1/2-1/2

[Event "Ruhrgebiet Regionalliga 1718"]
[Site "Germany"]
[Date "2017.12.10"]
[Round "4.2"]
[White "Wittmann, Rainer"]
[Black "Frombach, Ralf"]
[Result "0-1"]
[WhiteElo "1981"]
[BlackElo "2147"]
[PlyCount "90"]
[EventDate "2017.10.01"]
[EventType "team-tourn"]
[EventRounds "9"]
[EventCountry "GER"]
[SourceTitle "EXT 2022"]
[Source "ChessBase"]
[SourceDate "2021.10.06"]
[SourceVersion "1"]
[SourceVersionDate "2021.10.06"]
[SourceQuality "1"]
[WhiteTeam "Dortmund SV"]
[BlackTeam "Hamm Koenigsspringer"]
[WhiteTeamCountry "GER"]
[BlackTeamCountry "GER"]

1. e4 e5 2. Nf3 Nf6 3. Nc3 Nc6 4. Nxe5 Nxe5 5. d4 Nc6 6. d5 Bb4 7. dxc6 Nxe4 8. Qd4 Qe7 9. Be3 0-0 10. Bd3 Nxc3 11. bxc3 Ba5 12. cxd7 Bxd7 13. 0-0 Rfe8 14. Rfe1 Bc6 15. Bd2 Qf8 16. Re5 Rxe5 17. Qxe5 Bb6 18. Qf4 Re8 19. h4 Re6 20. Qg3 Qe7 21. Qg5 Rf6 22. Be3 h6 23. Qg3 Bxe3 24. Qxe3 Qxe3 25. fxe3 Kf8 26. Rf1 Rxf1+ 27. Kxf1 Bd5 28. a3 Ke7 29. Kf2 Kd6 30. g3 Ke5 31. Ke2 f6 32. Kf2 Be4 33. Ke2 Kd5 34. Kd2 Ke5 35. Ke2 Bc6 36. Kf2 Bd5 37. Ke2 Be4 38. Kd2 Kf5 39. Ke2 g5 40. hxg5 fxg5 41. Kf2 h5 42. Kg1 Bxd3 43. cxd3 b5 44. e4+ Ke5 45. Kf2 c5 0-1

[Event "Ruhrgebiet Regionalliga 1718"]
[Site "Germany"]
[Date "2017.10.22"]
[Round "2.2"]
[White "Frombach, Ralf"]
[Black "Koehn, Peter"]
[Result "1/2-1/2"]
[WhiteElo "2147"]
[BlackElo "2163"]
[PlyCount "95"]
[EventDate "2017.10.01"]
[EventType "team-tourn"]
[EventRounds "9"]
[EventCountry "GER"]
[SourceTitle "EXT 2022"]
[Source "ChessBase"]
[SourceDate "2021.10.06"]
[SourceVersion "1"]
[SourceVersionDate "2021.10.06"]
[SourceQuality "1"]
[WhiteTeam "Hamm Koenigsspringer"]
[BlackTeam "Wattenscheid SV II"]
[WhiteTeamCountry "GER"]
[BlackTeamCountry "GER"]

1. d4 Nf6 2. c4 g6 3. Nc3 Bg7 4. e4 0-0 5. Nf3 d6 6. Be2 e5 7. 0-0 Nc6 8. Be3 Ng4 9. Bg5 f6 10. Bc1 Nh6 11. dxe5 dxe5 12. Qxd8 Nxd8 13. Nd5 Rf7 14. Rd1 Ne6 15. b3 Bf8 16. h3 c6 17. Nc3 Rc7 18. Be3 Nf7 19. Na4 b6 20. a3 Kg7 21. b4 c5 22. b5 Nd4 23. Kf1 Nd6 24. Nd2 Be6 25. Bd3 Rb7 26. Nc3 a6 27. a4 axb5 28. axb5 Rba7 29. Rxa7+ Rxa7 30. Bxd4 cxd4 31. Nd5 Nc8 32. Rb1 Ra3 33. Be2 h5 34. Nb3 Bd6 35. Nc1 Kf7 36. Nd3 f5 37. f3 fxe4 38. fxe4 Bxd5 39. cxd5 Ne7 40. Nb2 Rb3 41. Bd3 Nc8 42. Ke2 Ke7 43. Nc4 Rxb1 44. Bxb1 Kf6 45. h4 Bc5 46. Kf3 Nd6 47. Nxd6 Bxd6 48. g4 1/2-1/2

[Event "Ruhrgebiet Regionalliga 1415"]
[Site "Germany"]
[Date "2014.12.21"]
[Round "4.1"]
[White "Frombach, Ralf"]
[Black "Langers, Alexander"]
[Result "0-1"]
[WhiteElo "2165"]
[BlackElo "2166"]
[PlyCount "144"]
[EventDate "2014.09.28"]
[EventType "team-tourn"]
[EventRounds "9"]
[EventCountry "GER"]
[SourceTitle "EXT 2022"]
[Source "ChessBase"]
[SourceDate "2021.10.06"]
[SourceVersion "1"]
[SourceVersionDate "2021.10.06"]
[SourceQuality "1"]
[WhiteTeam "Hamm Koenigsspringer"]
[BlackTeam "Herne Sodingen"]
[WhiteTeamCountry "GER"]
[BlackTeamCountry "GER"]

1. d4 d5 2. c4 e6 3. Nc3 c5 4. cxd5 exd5 5. dxc5 d4 6. Ne4 Bf5 7. Ng3 Be6 8. Qa4+ Nc6 9. b4 a6 10. Nf3 Nf6 11. Bb2 b5 12. Qd1 Nxb4 13. a3 Nc6 14. Nxd4 Qa5+ 15. Qd2 Qxd2+ 16. Kxd2 Rd8 17. e3 Bxc5 18. Nge2 Na5 19. Ke1 Nc4 20. Nxe6 fxe6 21. Bxf6 gxf6 22. Nf4 Nxa3 23. Bd3 Kf7 24. Ke2 Rc8 25. Rhc1 Bd6 26. Rxc8 Rxc8 27. Bxh7 b4 28. Bg6+ Ke7 29. Bd3 b3 30. h4 b2 31. Ra2 Rb8 32. h5 f5 33. h6 Bxf4 34. Rxa3 Bxh6 35. Rxa6 b1Q 36. Bxb1 Rxb1 37. f4 Bf8 38. Ra4 Kf6 39. e4 Rb2+ 40. Kf3 Rb3+ 41. Ke2 Bc5 42. exf5 exf5 43. Rc4 Bd6 44. Kf2 Ke6 45. g3 Kd5 46. Rc2 Bc5+ 47. Kg2 Re3 48. Ra2 Ke4 49. Rb2 Re1 50. Rb3 Rg1+ 51. Kh2 Rc1 52. Kg2 Be3 53. Rb4+ Bd4 54. Rb3 Ra1 55. Rb4 Rd1 56. Rb3 Rc1 57. Rb4 Rg1+ 58. Kh2 Rc1 59. Kg2 Ke3 60. Rb3+ Ke2 61. Rb5 Rg1+ 62. Kh3 Bf6 63. Kh2 Kf2 64. Rxf5 Rg2+ 65. Kh1 Rxg3 66. Rh5 Rg1+ 67. Kh2 Rb1 68. Ra5 Be7 69. Rd5 Rb3 70. Rd7 Bh4 71. f5 Bg5 72. Rd4 Rf3 0-1

[Event "NRW-ch"]
[Site "Wesel"]
[Date "2013.10.25"]
[Round "7"]
[White "Ringwelski, Marius"]
[Black "Frombach, Ralf"]
[Result "1/2-1/2"]
[WhiteElo "2090"]
[BlackElo "2211"]
[PlyCount "116"]
[EventDate "2013.10.19"]
[EventType "swiss"]
[EventRounds "7"]
[EventCountry "GER"]
[SourceTitle "EXT 2016"]
[Source "ChessBase"]
[SourceDate "2015.10.08"]
[SourceVersion "1"]
[SourceVersionDate "2015.10.08"]
[SourceQuality "1"]

1. e4 c5 2. Nf3 Nc6 3. d4 cxd4 4. Nxd4 Nf6 5. Nc3 d6 6. Bg5 h6 7. Bxf6 gxf6 8. Qd2 Bd7 9. 0-0-0 Nxd4 10. Qxd4 Qa5 11. Kb1 Rc8 12. Bc4 Qc5 13. Qxc5 Rxc5 14. Bb3 f5 15. Rhe1 Bg7 16. Nd5 e6 17. exf5 Kd8 18. fxe6 Bxe6 19. Nf4 Bxb3 20. axb3 Rf5 21. g3 Kd7 22. Re4 h5 23. h4 Bh6 24. Rd5 Rxd5 25. Nxd5 Bf8 26. Nf6+ Kc6 27. Re8 Bg7 28. Rxh8 Bxh8 29. Nxh5 Kd5 30. c3 Ke4 31. Nf4 Be5 32. h5 Bg7 33. Kc2 Kf3 34. Kd3 Kxf2 35. Ne2 Kf3 36. Nd4+ Kg4 37. Ke4 a6 38. b4 b6 39. b5 axb5 40. Nxb5 f5+ 41. Kd5 Kxg3 42. Nxd6 Kg4 43. Kc4 f4 44. Kd3 Kxh5 45. Ke2 Kg4 46. Ne4 f3+ 47. Kf2 Bh6 48. c4 Bc1 49. b3 Kf4 50. Nc3 Be3+ 51. Kf1 Ke5 52. Nd5 Bd4 53. Nb4 Ke4 54. Nc2 Bc3 55. Kf2 Bd2 56. b4 Kd3 57. c5 bxc5 58. bxc5 Kxc2 1/2-1/2

[Event "NRW-ch"]
[Site "Wesel"]
[Date "2013.10.24"]
[Round "6"]
[White "Frombach, Ralf"]
[Black "Messarius, Juergen"]
[Result "0-1"]
[WhiteElo "2211"]
[BlackElo "2196"]
[PlyCount "62"]
[EventDate "2013.10.19"]
[EventType "swiss"]
[EventRounds "7"]
[EventCountry "GER"]
[SourceTitle "EXT 2016"]
[Source "ChessBase"]
[SourceDate "2015.10.08"]
[SourceVersion "1"]
[SourceVersionDate "2015.10.08"]
[SourceQuality "1"]

1. d4 f5 2. g3 Nf6 3. Bg2 g6 4. Nf3 Bg7 5. 0-0 0-0 6. c4 d6 7. Nc3 c6 8. Qb3 Na6 9. c5+ Kh8 10. cxd6 exd6 11. Re1 Ne4 12. Bf4 Nc7 13. Rad1 Ne6 14. Bc1 d5 15. e3 g5 16. Ne5 g4 17. Nxe4 fxe4 18. Nxg4 Ng5 19. h3 Qe8 20. Nh2 Qf7 21. Rf1 Nxh3+ 22. Kh1 Qh5 23. f4 Rf6 24. Qc2 Rg6 25. f5 Bxf5 26. Rxf5 Qxf5 27. Rf1 Qh5 28. g4 Qh4 29. Qe2 Ng5 30. Rf5 Rh6 31. a3 Qxh2# 0-1

[Event "NRW-ch"]
[Site "Wesel"]
[Date "2013.10.22"]
[Round "4"]
[White "Frombach, Ralf"]
[Black "Molinaroli, Martin"]
[Result "1-0"]
[WhiteElo "2211"]
[BlackElo "2301"]
[PlyCount "135"]
[EventDate "2013.10.19"]
[EventType "swiss"]
[EventRounds "7"]
[EventCountry "GER"]
[SourceTitle "EXT 2016"]
[Source "ChessBase"]
[SourceDate "2015.10.08"]
[SourceVersion "1"]
[SourceVersionDate "2015.10.08"]
[SourceQuality "1"]

1. d4 g6 2. e4 Bg7 3. c4 d6 4. Nc3 Nf6 5. Nf3 0-0 6. Be2 Bg4 7. Be3 Nfd7 8. d5 c5 9. 0-0 Na6 10. Ng5 Bxe2 11. Qxe2 h6 12. Nf3 Nc7 13. Rad1 a6 14. a4 Ne8 15. Nd2 Qb6 16. Ndb1 Qb4 17. Qc2 Qxc4 18. Bd2 a5 19. Na3 Qa6 20. Ncb5 Nb6 21. b3 Rc8 22. Nc4 Nxc4 23. bxc4 Nf6 24. Rb1 Nd7 25. Rb3 b6 26. g4 Ne5 27. Rg3 g5 28. f4 gxf4 29. Bxf4 Ng6 30. Bd2 Qb7 31. Qc1 Qd7 32. Bxh6 f6 33. Rf5 Rf7 34. Bxg7 Rxg7 35. g5 Rf8 36. gxf6 exf6 37. Rf2 Rff7 38. Rfg2 Nh4 39. Rf2 Qh3 40. Rfg2 Rxg3 41. Rxg3+ Rg7 42. Qf4 Ng6 43. Qxf6 Qh5 44. Qe6+ Kh7 45. Qh3 Nh4 46. Rxg7+ Kxg7 47. Kf2 Qf7+ 48. Kg3 Ng6 49. Qf5 Qe7 50. Qg4 Qe5+ 51. Kg2 Qb2+ 52. Kh3 Qf2 53. Nxd6 Qf1+ 54. Qg2 Qd3+ 55. Kg4 Qd1+ 56. Kf5 Qh5+ 57. Ke6 Kh7 58. Kd7 Qh4 59. Nf5 Qf6 60. Qh3+ Kg8 61. Qg3 Kf7 62. Nh6+ Kg7 63. Ng4 Qe7+ 64. Kc6 Qxe4 65. Qc7+ Ne7+ 66. Kxb6 Kf8 67. Ne5 Qb1+ 68. Ka7 1-0

[Event "Ruhrgebiet Regionalliga 1213"]
[Site "Nordrheinwestfalen"]
[Date "2012.12.09"]
[Round "4.2"]
[White "Hillenbrand, Michael"]
[Black "Frombach, Ralf"]
[Result "0-1"]
[WhiteElo "2193"]
[BlackElo "2143"]
[PlyCount "58"]
[EventDate "2012.09.09"]
[EventType "team-tourn"]
[EventRounds "9"]
[EventCountry "GER"]
[SourceTitle "EXT 2020"]
[Source "ChessBase"]
[SourceDate "2019.10.17"]
[SourceVersion "1"]
[SourceVersionDate "2019.10.17"]
[SourceQuality "1"]
[WhiteTeam "Weisse Dame Borbeck"]
[BlackTeam "Koenigsspringer Hamm"]
[WhiteTeamCountry "GER"]
[BlackTeamCountry "GER"]

1. c4 Nf6 2. Nf3 c6 3. g3 d5 4. b3 Qb6 5. Bg2 e5 6. Bb2 e4 7. Ne5 Bd6 8. d4 Qc7 9. 0-0 Nbd7 10. cxd5 Nxe5 11. dxe5 Bxe5 12. Nc3 Nxd5 13. Nxd5 cxd5 14. Rc1 Qe7 15. Bd4 b6 16. f4 exf3 17. exf3 0-0 18. f4 Bxd4+ 19. Qxd4 Bb7 20. Rfe1 Qd7 21. Re5 Rfe8 22. Rce1 Rxe5 23. Qxe5 Kf8 24. Rc1 Rc8 25. Rxc8+ Qxc8 26. Qd6+ Ke8 27. Qe5+ Kd8 28. Qg5+ f6 29. Qxg7 Qc5+ 0-1

[Event "Oberliga NRW 1112"]
[Site "Germany"]
[Date "2012.01.08"]
[Round "5.7"]
[White "Frombach, Ralf"]
[Black "Schudro, Vassilij"]
[Result "0-1"]
[WhiteElo "2203"]
[BlackElo "2154"]
[PlyCount "50"]
[EventDate "2011.09.18"]
[EventType "team-tourn"]
[EventRounds "9"]
[EventCountry "GER"]
[SourceTitle "EXT 2015"]
[Source "ChessBase"]
[SourceDate "2014.11.20"]
[SourceVersion "1"]
[SourceVersionDate "2014.11.20"]
[SourceQuality "1"]
[WhiteTeam "Aachen SV"]
[BlackTeam "Emsdetten Turm II"]
[WhiteTeamCountry "GER"]
[BlackTeamCountry "GER"]

1. d4 d5 2. c4 e6 3. Nc3 Nf6 4. Nf3 c6 5. Qd3 dxc4 6. Qxc4 b5 7. Qd3 b4 8. Ne4 Be7 9. Nxf6+ Bxf6 10. g3 a5 11. Bg2 Ba6 12. Qc2 0-0 13. 0-0 Nd7 14. Rd1 Qb6 15. Ng5 g6 16. Qxc6 Ra7 17. Qe4 Rd8 18. d5 exd5 19. Qh4 Nf8 20. Bxd5 Bxe2 21. Be3 Qb5 22. Bxa7 Bxd1 23. Bxf7+ Kg7 24. Ne6+ Nxe6 25. Bxe6 Bxh4 0-1

[Event "Oberliga NRW 1112"]
[Site "Germany"]
[Date "2011.12.04"]
[Round "4.6"]
[White "Frombach, Ralf"]
[Black "Rott, Georg"]
[Result "1-0"]
[WhiteElo "2203"]
[BlackElo "2104"]
[PlyCount "145"]
[EventDate "2011.09.18"]
[EventType "team-tourn"]
[EventRounds "9"]
[EventCountry "GER"]
[SourceTitle "EXT 2015"]
[Source "ChessBase"]
[SourceDate "2014.11.20"]
[SourceVersion "1"]
[SourceVersionDate "2014.11.20"]
[SourceQuality "1"]
[WhiteTeam "Aachen SV"]
[BlackTeam "Muenster SK"]
[WhiteTeamCountry "GER"]
[BlackTeamCountry "GER"]

1. c4 c6 2. e4 d5 3. exd5 cxd5 4. cxd5 Qxd5 5. Nc3 Qa5 6. d4 Nf6 7. Bc4 Qb4 8. Bb3 Nc6 9. d5 Nd4 10. Ba4+ Bd7 11. Bxd7+ Nxd7 12. Nge2 Nxe2 13. Qxe2 Rc8 14. 0-0 g6 15. Re1 Bg7 16. a3 Qc5 17. b4 Qd6 18. Bf4 Qf6 19. Bd2 0-0 20. Qxe7 Qxe7 21. Rxe7 Nb6 22. Rc1 Bxc3 23. Rxc3 Rxc3 24. Bxc3 Nxd5 25. Rxb7 Nxc3 26. Rxa7 Rd8 27. g3 Rd1+ 28. Kg2 Ra1 29. Ra5 Nb1 30. a4 Nc3 31. Ra8+ Kg7 32. a5 Ra4 33. a6 h5 34. Rc8 Ne4 35. b5 Nd6 36. Rc5 Kf8 37. h4 Ke7 38. Re5+ Kd7 39. Rd5 Ra5 40. Kh3 Ke6 41. Rc5 Ne4 42. Rc8 Nd6 43. Rc5 f5 44. Kg2 Kd7 45. Rd5 Ra2 46. Kg1 Ke7 47. Re5+ Kf6 48. Rc5 Ke6 49. Kf1 Ra5 50. Kg2 Kd7 51. Rd5 Ke7 52. Re5+ Kf7 53. Rd5 Ne4 54. Rd8 Ke7 55. Rg8 Kf7 56. b6 Nc5 57. Ra8 Nxa6 58. Ra7+ Kf8 59. b7 Rb5 60. Rxa6 Kf7 61. Ra7 Ke6 62. Kf3 Rb4 63. Ke3 Ke5 64. Kd3 Rb1 65. Kc4 Kd6 66. Ra6+ Kc7 67. Rxg6 Rf1 68. Rg7+ Kb8 69. f4 Rd1 70. Kc5 Rd3 71. Kc6 Ka7 72. Kc7 Rb3 73. Kc8 1-0

[Event "Oberliga NRW 1112"]
[Site "Germany"]
[Date "2011.11.13"]
[Round "3.8"]
[White "Frombach, Ralf"]
[Black "Sponheim, Olaf"]
[Result "0-1"]
[WhiteElo "2203"]
[BlackElo "2213"]
[PlyCount "118"]
[EventDate "2011.09.18"]
[EventType "team-tourn"]
[EventRounds "9"]
[EventCountry "GER"]
[SourceTitle "EXT 2015"]
[Source "ChessBase"]
[SourceDate "2014.11.20"]
[SourceVersion "1"]
[SourceVersionDate "2014.11.20"]
[SourceQuality "1"]
[WhiteTeam "Aachen SV"]
[BlackTeam "Gerresheim"]
[WhiteTeamCountry "GER"]
[BlackTeamCountry "GER"]

1. d4 d5 2. c4 dxc4 3. Nf3 a6 4. e3 Bg4 5. Bxc4 e6 6. Nc3 Nc6 7. d5 Bxf3 8. Qxf3 Ne5 9. Qe4 Nxc4 10. Qxc4 exd5 11. Nxd5 c6 12. Qe4+ Ne7 13. Nf4 Qa5+ 14. Bd2 Qf5 15. Qxf5 Nxf5 16. Bc3 0-0-0 17. g4 Nh4 18. Ke2 Rg8 19. Rad1 Be7 20. Rxd8+ Bxd8 21. Nh5 f6 22. f4 Ng6 23. Rd1 Bb6 24. Bd4 Bxd4 25. Rxd4 Ne7 26. e4 Kc7 27. b4 b6 28. Kd3 c5 29. bxc5 bxc5 30. Ra4 Kb6 31. Kc3 Nc6 32. Ra3 Re8 33. Kd3 Nb4+ 34. Kd2 Rxe4 35. Rb3 Kc6 36. a3 Nd5 37. Nxg7 Rxf4 38. Rh3 Rxg4 39. Rxh7 Rg2+ 40. Kc1 c4 41. Nf5 c3 42. Ne7+ Nxe7 43. Rxe7 Kd5 44. h4 f5 45. Re3 Kc4 46. Re6 f4 47. Rc6+ Kd4 48. Rd6+ Ke4 49. Rxa6 f3 50. Re6+ Kf5 51. Re8 f2 52. Rf8+ Kg4 53. a4 Rg1+ 54. Kc2 f1Q 55. Rxf1 Rxf1 56. Kxc3 Rf4 57. Kb3 Kxh4 58. a5 Kg5 59. a6 Rf6 0-1

[Event "SVM-ch 1011"]
[Site "Bad Godesberg"]
[Date "2011.06.24"]
[Round "3"]
[White "Florstedt, Johannes"]
[Black "Frombach, Ralf"]
[Result "1/2-1/2"]
[WhiteElo "2087"]
[BlackElo "2240"]
[PlyCount "69"]
[EventDate "2011.06.22"]
[EventType "swiss"]
[EventRounds "5"]
[EventCountry "GER"]
[SourceTitle "EXT 2012"]
[Source "ChessBase"]
[SourceDate "2011.11.24"]
[SourceVersion "1"]
[SourceVersionDate "2011.11.24"]
[SourceQuality "1"]

1. e4 e5 2. Nf3 d6 3. d4 exd4 4. Nxd4 Nf6 5. Nc3 Be7 6. Bf4 0-0 7. Qd2 Nc6 8. Nxc6 bxc6 9. 0-0-0 Be6 10. f3 Qb8 11. g4 Qb4 12. Qd4 Qa5 13. Qa4 Qb6 14. Qa6 Nd7 15. Na4 Qxa6 16. Bxa6 Nb6 17. Nc3 Bf6 18. e5 dxe5 19. g5 exf4 20. gxf6 Bd5 21. Nxd5 cxd5 22. fxg7 Kxg7 23. Rd4 f5 24. Rxf4 Kf6 25. Bd3 Kg5 26. Rd4 c5 27. Rg1+ Kf6 28. Rh4 Rf7 29. Rh5 Ke5 30. f4+ Kxf4 31. Rf1+ Ke3 32. Re1+ Kf2 33. Rf1+ Ke3 34. Re1+ Kf2 35. Rf1+ 1/2-1/2

[Event "Oberliga NRW 1011"]
[Site "Germany"]
[Date "2011.04.03"]
[Round "9.7"]
[White "Frombach, Ralf"]
[Black "Werner, Knud"]
[Result "1-0"]
[WhiteElo "2224"]
[BlackElo "2234"]
[PlyCount "75"]
[EventDate "2010.09.26"]
[EventType "team-tourn"]
[EventRounds "9"]
[EventCountry "GER"]
[SourceTitle "EXT 2012"]
[Source "ChessBase"]
[SourceDate "2011.11.24"]
[SourceVersion "1"]
[SourceVersionDate "2011.11.24"]
[SourceQuality "1"]
[WhiteTeam "Aachen"]
[BlackTeam "Duisburg"]
[WhiteTeamCountry "GER"]
[BlackTeamCountry "GER"]

1. d4 Nf6 2. c4 c5 3. d5 d6 4. Nc3 g6 5. e4 Bg7 6. Bd3 0-0 7. h3 e6 8. Nf3 exd5 9. cxd5 Re8 10. 0-0 Na6 11. Re1 Nc7 12. Bf4 b5 13. Bxb5 Nxb5 14. Nxb5 Nxe4 15. Nd2 Rb8 16. Nxe4 Rxb5 17. Qa4 Bd7 18. Qxa7 Rb4 19. Bg5 Qb8 20. Qxb8 Rexb8 21. Nf6+ Bxf6 22. Bxf6 Bf5 23. f3 Bd3 24. Re3 Rf4 25. Be7 Rd4 26. Bxd6 Rc8 27. Rae1 Rxd5 28. Re8+ Rxe8 29. Rxe8+ Kg7 30. Be5+ Kh6 31. Re7 g5 32. Bc3 Kg6 33. Rc7 h6 34. a4 f5 35. Rg7+ Kh5 36. g4+ fxg4 37. hxg4+ Kh4 38. Kh2 1-0

[Event "Oberliga NRW 1011"]
[Site "Germany"]
[Date "2011.03.13"]
[Round "8.8"]
[White "Frombach, Ralf"]
[Black "Schroeder, Wilfried"]
[Result "1/2-1/2"]
[WhiteElo "2224"]
[BlackElo "2145"]
[PlyCount "70"]
[EventDate "2010.09.26"]
[EventType "team-tourn"]
[EventRounds "9"]
[EventCountry "GER"]
[SourceTitle "EXT 2012"]
[Source "ChessBase"]
[SourceDate "2011.11.24"]
[SourceVersion "1"]
[SourceVersionDate "2011.11.24"]
[SourceQuality "1"]
[WhiteTeam "Aachen"]
[BlackTeam "Wattenscheid II"]
[WhiteTeamCountry "GER"]
[BlackTeamCountry "GER"]

1. d4 d5 2. c4 e6 3. Nc3 c6 4. e4 Bb4 5. a3 Bxc3+ 6. bxc3 dxe4 7. Qg4 Nf6 8. Qxg7 Rg8 9. Qh6 Rg6 10. Qe3 b6 11. Ne2 Bb7 12. Nf4 Rg8 13. Be2 Nbd7 14. 0-0 Qc7 15. a4 e5 16. Nh5 0-0-0 17. Nxf6 Nxf6 18. a5 exd4 19. cxd4 Ng4 20. Qh3 f5 21. axb6 axb6 22. f3 exf3 23. Rxf3 Rxd4 24. Rxf5 Qd7 25. Bb2 Re4 26. Raf1 Rxe2 27. Rf8+ Re8 28. R8f7 Re7 29. Rf8+ Rxf8 30. Rxf8+ Kc7 31. Qg3+ Qd6 32. Qxg4 Re1+ 33. Rf1 Rxf1+ 34. Kxf1 Qd3+ 35. Qe2 Qxe2+ 1/2-1/2

[Event "Dortmund Sparkassen op-A"]
[Site "Dortmund"]
[Date "2010.07.24"]
[Round "8"]
[White "Naundorf, Maik"]
[Black "Frombach, Ralf"]
[Result "0-1"]
[WhiteElo "2127"]
[BlackElo "2224"]
[PlyCount "102"]
[EventDate "2010.07.17"]
[EventType "swiss"]
[EventRounds "9"]
[EventCountry "GER"]
[SourceTitle "CBM 137 Extra"]
[Source "ChessBase"]
[SourceDate "2010.09.01"]
[SourceVersion "1"]
[SourceVersionDate "2010.09.01"]
[SourceQuality "1"]

1. c4 Nf6 2. g3 g6 3. Bg2 Bg7 4. Nc3 0-0 5. e4 d6 6. Nge2 Nc6 7. d3 Rb8 8. 0-0 a6 9. a4 Nb4 10. h3 c6 11. Be3 b5 12. axb5 axb5 13. cxb5 cxb5 14. Qd2 Nd7 15. Na2 Nxa2 16. Rxa2 Nc5 17. d4 Be6 18. d5 Bd7 19. b4 Na4 20. Bd4 f6 21. Qe3 Qc8 22. Rc1 Qb7 23. Rac2 Rfc8 24. h4 Rxc2 25. Rxc2 Rc8 26. Qc1 Rxc2 27. Qxc2 Nb6 28. Kh2 Nc4 29. Nf4 f5 30. Bxg7 Kxg7 31. Qc3+ Kg8 32. exf5 Bxf5 33. Ne6 Ne5 34. f4 Ng4+ 35. Kh1 Bxe6 36. dxe6 Qa7 37. Qc8+ Kg7 38. Qc3+ Kh6 39. Bf3 Qe3 40. Qxe3 Nxe3 41. Bc6 Nc2 42. Bxb5 Nxb4 43. Kg2 Kg7 44. g4 Kf6 45. Bd7 Nd3 46. Kf3 Nc5 47. f5 gxf5 48. g5+ Ke5 49. h5 Nxe6 50. Bxe6 Kxe6 51. g6 Kf6 0-1

[Event "Dortmund Sparkassen op-A"]
[Site "Dortmund"]
[Date "2010.07.17"]
[Round "1"]
[White "Pilat, Fabian"]
[Black "Frombach, Ralf"]
[Result "0-1"]
[WhiteElo "1944"]
[BlackElo "2224"]
[PlyCount "114"]
[EventDate "2010.07.17"]
[EventType "swiss"]
[EventRounds "9"]
[EventCountry "GER"]
[SourceTitle "CBM 137 Extra"]
[Source "ChessBase"]
[SourceDate "2010.09.01"]
[SourceVersion "1"]
[SourceVersionDate "2010.09.01"]
[SourceQuality "1"]

1. d4 d6 2. Nf3 Bg4 3. e3 Nd7 4. Be2 e5 5. dxe5 dxe5 6. 0-0 Ngf6 7. b3 c6 8. Bb2 Qc7 9. c4 Be7 10. Qc2 0-0 11. Nc3 Rfe8 12. Rad1 Bf8 13. Rd2 a5 14. a3 Nc5 15. Rdd1 Bh5 16. Nd2 Bg6 17. e4 Ne6 18. Nf3 Nc5 19. Nd2 Rad8 20. Rfe1 Ne6 21. Ncb1 Nd4 22. Bxd4 Rxd4 23. Bf3 Red8 24. g3 Bc5 25. Re2 Qd6 26. Ree1 Bxa3 27. Nxa3 Rxd2 28. c5 Qd4 29. Rxd2 Qxd2 30. Qxd2 Rxd2 31. Nc4 Rd3 32. Bd1 Nd7 33. Nxa5 Nxc5 34. b4 Nxe4 35. Nxb7 f6 36. Na5 Rd2 37. Bb3+ Kf8 38. f3 Ng5 39. Bd1 Be8 40. Be2 Rb2 41. Kf1 Ne6 42. Nb7 Nd4 43. Nc5 Bf7 44. Nd3 Rxe2 45. Rxe2 Nxe2 46. Kxe2 Bc4 47. Ke3 Bxd3 48. Kxd3 Ke7 49. Ke4 Ke6 50. g4 g6 51. h3 f5+ 52. Ke3 Kd5 53. Kd3 h6 54. h4 fxg4 55. fxg4 e4+ 56. Ke3 Ke5 57. h5 g5 0-1